আব্বাস মাহমুদ আল- আক্কাদের সাহিত্যে ঐতিহাসিক উপাদান : (Record no. 81474)
[ view plain ]
| 000 -LEADER | |
|---|---|
| fixed length control field | 01533nam a2200265 a 4500 |
| 001 - CONTROL NUMBER | |
| RUCL Control Number | 81474 |
| 003 - CONTROL NUMBER IDENTIFIER | |
| rucl marc code | BD-RjUL |
| 005 - DATE AND TIME OF LATEST TRANSACTION | |
| control field | 20230528164439.0 |
| 008 - FIXED-LENGTH DATA ELEMENTS--GENERAL INFORMATION | |
| fixed length control field | 230528s2020 bg ||||| m||| 00| 0 ben d |
| 035 ## - SYSTEM CONTROL NUMBER | |
| system control number | (BD-RjUL)81474 |
| 040 ## - CATALOGING SOURCE | |
| Original cataloging agency | BD-RjUL |
| Language of cataloging | ben / eng |
| Transcribing agency | BD-RjUL |
| Modifying agency | BD-RjUL |
| 041 ## - LANGUAGE CODE | |
| Language code of Book | ben |
| 082 ## - DEWEY DECIMAL CLASSIFICATION NUMBER | |
| Classification number | 892.701 |
| Author mark and Year | SAA 2020 |
| DDC Edition number | 23 |
| 100 ## - MAIN ENTRY--PERSONAL NAME | |
| Personal name | সালেহ, আবু |
| 9 (RLIN) | 7712 |
| 245 10 - TITLE STATEMENT | |
| Title | আব্বাস মাহমুদ আল- আক্কাদের সাহিত্যে ঐতিহাসিক উপাদান : |
| Remainder of title | একটি পর্যালোচনা / |
| Statement of responsibility, etc | আবু সালেহ ; |
| Name of Supervisor/Co-Supervisor | তত্ত্বাবধায়ক : মো. আবু বকর |
| 246 ## - VARYING FORM OF TITLE | |
| Title proper/short title | Historical Materials in the Literary Works of Abbus Mahmud Al-Aqqad : |
| Remainder of title | An Overview / |
| 260 ## - PUBLICATION, DISTRIBUTION, ETC. (IMPRINT) | |
| Place of publication, distribution, etc | রাজশাহী : |
| Name of publisher, distributor, etc | আরবী বিভাগ, রাজশাহী বিশ্ববিদ্যালয়, |
| Date of publication, distribution, etc | ২০২০ |
| 300 ## - PHYSICAL DESCRIPTION | |
| Pagination | xiii, ২৮০ পাতা ; |
| Dimensions | ২৯ সেমি. |
| 502 ## - DISSERTATION NOTE | |
| Dissertation note | থিসিস (পিএইচ. ডি.) -- আরবী বিভাগ, রাজশাহী বিশ্ববিদ্যালয়, ২০২০ |
| 504 ## - BIBLIOGRAPHY, ETC. NOTE | |
| Bibliography, etc | গ্রন্থপঞ্জি : পাতা [২৭৩]-২৮০ |
| 650 ## - SUBJECT ADDED ENTRY--TOPICAL TERM | |
| Topical term or geographic name as entry element | আরবী সাহিত্য |
| Form subdivision | ঐতিহাসিক উপাদান |
| 9 (RLIN) | 7713 |
| Topical term or geographic name as entry element | Arabic Literature |
| Form subdivision | Historical Materials |
| 9 (RLIN) | 7714 |
| 700 ## - ADDED ENTRY--SUPERVISOR/CO-SUPERVISOR NAME | |
| Personal name | বকর, মো. আবু , তত্ত্বাবধায়ক |
| 9 (RLIN) | 7229 |
| 942 ## - ADDED ENTRY ELEMENTS (KOHA) | |
| Source of classification or shelving scheme | Dewey Decimal Classification |
| Koha item type | Theses |
| Source of classification or shelving scheme | Damaged status | Not for loan | Collection code | Permanent Location | Current Location | Shelving location | Date of accession | Source of acquisition | Total Checkouts | Full call number | Barcode | Date last seen | Copy number | Thesis |
|---|---|---|---|---|---|---|---|---|---|---|---|---|---|---|
| Dewey Decimal Classification | Not For Loan | Theses | Central Library, University of Rajshahi | Central Library, University of Rajshahi | Documentation Section | 28/02/2023 | Controller of Exam. R.U | BTHE 892.701 SAA 2020 | D4699 | 28/05/2023 | C-1 | Theses |